00400cam a22001217a 4500008004000000082001700040100002400057245007300081260003500154300001000189650004700199650003200246180718b1963 xxu||||| |||| 00| 0 eng d aT19x54 K897i aKrishnamurthy, M.S. aThe impact of emergency on the Indian economycby M.S. Krishnamurthy aMadrasbC. Nagish Chettyc1963 a138p. aIndia - China War, 1962 - Economic Aspects aIndia - Economic Conditions